| 000 | 00000nam##2200000za#4500 |
| 001 | 9.632868 |
| 003 | CaOODSP |
| 005 | 20210624215033 |
| 007 | cr ||||||||||| |
| 008 | 150407|2000||||xxc|||||o f|0| 0 fre|d |
| 040 | |aCaOODSP|bfre |
| 043 | |an-cn--- |
| 086 | 1 |aSW21-48/2000F-PDF |
| 110 | 1 |aCanada. |bCondition féminine Canada. |
| 245 | 13|aLa création des capacités : |h[ressource électronique]|baccroître la participation des femmes à la vie économique par le logement / |crapport rédigé par Laura C. Johnson et Allison Ruddock. |
| 260 | |aOttawa - Ontario : |bCondition féminine Canada |c2000. |
| 300 | |a167p.|bfigure, glossaire, tableaux |
| 500 | |a«La présente étude cherche à évaluer si la création de logements abordables et l'accès à de tels logements peuvent constituer, pour les femmes à faible revenu, un moyen d'acquérir des aptitudes à l'emploi et d'améliorer l'employabilité. A cette fin, l'étude a consisté en un examen de la documentation générale sur l'aide à l'emploi dans le logement comme moyen d'accroître l'autonomie individuelle.»--Sommaire. |
| 500 | |aLe n° de catalogue (SW21-48/2000F) et ISBN (0-662-84896-9) de l'édition imprimée (2000) à été imprimé dans cette édition électronique. |
| 504 | |aBibliographie. |
| 590 | |a06-10-Supp|b2006-12-15 |
| 691 | 07|aEmploi|2gcpds |
| 691 | 07|aFemme|2gcpds |
| 691 | 07|aLogement subventionné|2gcpds |
| 720 | 1 |aJohnson, Laura C. |
| 720 | 1 |aRuddock, Allison |
| 775 | 08|tBuilding capacity : |w(CaOODSP)9.688444 |
| 776 | 0#|tBuilding capacity : |w(CaOODSP)9.662239 |
| 776 | 0#|tLa création de capacités : |w(CaOODSP)9.662240 |
| 856 | 40|ahttp://publications.gc.ca|qPDF|s914 Ko|uhttps://publications.gc.ca/collections/Collection/SW21-48-2000F.pdf |